Statistics for Quiz About Cows!

Click here to take the quiz!

General Stats

  • This quiz has been taken 89 times
    (88 since last reset)
  • The average score is 11 of 17

Answer Stats

HintAnswer% Correct
What is the name for a baby cow?Calf
95%
What do cows drink?Water
94%
WHEW! YOU DIDN'T FALL FOR IT! Now type milk to finish the quiz
94%
How many compartments does a cow's stomach have?Four
91%
YOU FOOL! It's water
85%
Despite the name, what animals do usually cowboys ride?Horse
83%
What was the celestial body the cow jumped over in "Hey Diddle Diddle?"the Moon
80%
What is the term for something relating to cows?Bovine
67%
What word completes the phrase, "How now _____ cow?"Brown
64%
Which famous ice cream brand often features cows on their pints?Ben & Jerry's
59%
What is the common name for the disease contracted by eating diseased meat?Mad cow disease
59%
Which third-largest mainstream religion treats the cow as sacred?Hinduism
55%
What is the term for a strand of hair that is difficult to comb due to it going in a different direction?Cowlick
52%
What instrument popularized in an SNL skit does there need to be "more" of?Cowbell
50%
What company uses cows as mascots, often with signs saying to eat more chicken?Chick-fil-A
45%
What is the common term for Japanese beef, sometimes preceded by "Kobe?"Wagyu
44%
What musical artist released "Moo!" and proclaimed that she "was a cow?"Doja Cat
26%

Score Distribution

Percentile by Number Answered

Percent of People with Each Score

Your Score History

You have not taken this quiz since the last reset